Democratic governance in India : (Record no. 66921)

MARC details
000 -LEADER
fixed length control field 00662nam a22001697a 4500
005 - DATE AND TIME OF LATEST TRANSACTION
control field 20120519130435.0
020 ## - INTERNATIONAL STANDARD BOOK NUMBER
International Standard Book Number 0761995560
Terms of availability 425.00
035 ## - SYSTEM CONTROL NUMBER
System control number B-59671
037 ## - SOURCE OF ACQUISITION
Stock number DPL
Source of stock number/acquisition ENG
245 ## - TITLE STATEMENT
Title Democratic governance in India :
Remainder of title Challenges of poverty, development and identity /
Statement of responsibility, etc edited by Niraja Gopal Jayal and Sudha Pai
260 ## - PUBLICATION, DISTRIBUTION, ETC. (IMPRINT)
Place of publication, distribution, etc New Delhi
Name of publisher, distributor, etc Sage Publications
Date of publication, distribution, etc 2001
300 ## - PHYSICAL DESCRIPTION
Extent 264p.
Dimensions 20 cms.
700 ## - ADDED ENTRY--PERSONAL NAME
Personal name Jayal, Niraja Gopal
9 (RLIN) 47501
700 ## - ADDED ENTRY--PERSONAL NAME
Personal name Pai, Sudha
9 (RLIN) 47502
942 ## - ADDED ENTRY ELEMENTS (KOHA)
Source of classification or shelving scheme Dewey Decimal Classification
Item type English Books
Classification part 338.954
Call number suffix DEM
Holdings
Withdrawn status Lost status Not for loan Collection code Home library Current library Date acquired Cost, normal purchase price Full call number Barcode Cost, replacement price Koha item type
      Non-fiction Sarojini Nagar Sarojini Nagar 19/05/2012 425.00 338.954 DEM B-59671 425.00 English Books

© Delhi Public Library
Hit Counter
free hit counter